000 00492nam a2200169Ia 4500
999 _c14342
_d14342
003 OSt
005 20201110130824.0
008 190216s9999||||xx |||||||||||||| ||und||
040 _coclc
082 _a613.7046
_bHIR/M
100 _aHirschi, Gertrud
_96396
245 0 _aMudras Yoga In Your Hand /
_cGertrud Hirschi
260 _bSri Satguna Publications,
_aDelhi:
_c2000.
300 _a223p
650 _aEnglish
942 _cBK
_2ddc
_h613.7046
_iHIR/M
_k613.7046
_mHIR/M